000 00480nam a2200181Ia 4500
001 45649
008 140428s9999 xx 000 0 und d
020 _a9780143102434
040 _cPK-LaUMT
082 _a 954.031
_bDAL-P
100 _aDalrymple, William
245 4 _aThe last Mughal
_bthe fall of a dynasty, Delhi, 1857
_cDalrymple, William
260 _aNew York,USA:
_bA Perigee Book,
_c2006
300 _a578 p.
546 _aEN
650 _aDelhi-History
942 _cBK
999 _c43617
_d43617